Statistics for Rainbow Six Siege Operators

Click here to take the quiz!

General Stats

  • This quiz has been taken 32 times
  • The average score is 53 of 58

Answer Stats

OrganisationNationalityAbilityAnswer% Correct
FBI SWATAmericanExothermic Charge to destroy reinforcements.Thermite
100%
NAVY SEALAmericanRifle Shield to prevent from being headshotted.Blackbeard
96%
FBI SWATAmericanBarricaded walls to fortify bomb/objective/hostage.Castle
96%
BOPEBrazilianSilent predator where footsteps are inaudible and can also detect enemies locations for a short period of time when an interrogation has took place.Caveira
96%
GIGNFrenchStim pistol to heal teammates.Doc
96%
GROMPolishConcussion mines to concuss enemies for a short period of time.Ela
96%
CBRNBelarussianUses a short health boost to help her and her teammates.Finka
96%
JFT2CanadianWelcome Mats to trap enemies and deal tons of damage.Frost
96%
SPETSNAZRussianCluster charges to cause damage to opponents from above.Fuze
96%
GEOSpanishFootprint detector to locate enemies for a short period of a time.Jackal
96%
GSG 9GermanActive Defense System to disable grenades and throwables.Jager
96%
SPETSNAZRussianEntry Denial Device to detonate when enemies are close range.Kapkan
96%
SASRAustralianDrone Pests used to hack attacker's drones.Mozzie
96%
SASEnglishSignal jammers to jam drones and signals.Mute
96%
GIGRMoroccanAirjab launcher to send defenders flying when they preach airjab.Nomad
96%
GIGNFrenchArmor pack to reduce damage given to teammates.Rook
96%
SASEnglishBreach Hammer used to destroy soft walls.Sledge
96%
SASEnglishToxic gas cannisters to damage enemies.Smoke
96%
SPETSNAZRussianFire launcher to block entrances and exits.Tachanka
96%
707th SMBSouth KoreanCloak used to prevent detection from drones.Vigil
96%
SDUChineseCandela grenades used to blind enemies for a short period of time.Ying
96%
FBI SWATAmericanBreaching Rounds to destroy soft walls.Ash
93%
GSG 9GermanFlash shield to blind enemies at close range.Blitz
93%
JTF2CanadianSkeleton Key- a shotgun attached to a rifle.Buck
93%
BOPEBrazilianTactical crossbow- four bows- two for fire and two for smoke.Capitao
93%
SPETSNAZRussianFlip scope to detect enemies at long range covered in smoke.Glaz
93%
SATJapaneseX-KAIROS launcher used to breach reinforcements.Hibana
93%
GSG 9GermanElectronics detector to spot bomb, nitro cells and cameras.IQ
93%
GIGRMoroccanElectroclaw used to electrify reinforcements including hatches.Kaid
93%
NighthavenIndianLV Explosive Lance attached to sniper to detonate upon impact.Kali
93%
SDUChineseGu Mines to poison enemies until needle is removed.Lesion
93%
CBRNFrenchEE One Detector used to scan and detect enemy movement.Lion
93%
GISItalianEvil Eye used to shock enemies to deal a short amount of damage.Maestro
93%
GEOSpanishBlack Mirror to spot enemy movement without them seeing you.Mira
93%
FBI SWATAmericanHeartbeat sensor to detect enemies in proximity.Pulse
93%
SASEnglishEMP grenades to disable electronics.Thatcher
93%
GIGNFrenchShock drone to hurt enemies or disable cameras.Twitch
93%
GROMPolishKS79 Lifeline- a triple ability containing a gun which can fire two impact grenades and two concussion grenades, also the ability to self revive when knocked.Zofia
93%
GISLibyanHolographic Decoy used to trick enemies exposing the victim's location.Alibi
89%
GSG 9GermanShock Wires to electrify reinforcements or soft walls.Bandit
89%
GSUTREnglishShield attached with a High Voltage Charged Field Generator used to slow enemies down and cause damage.Clash
89%
SATJapaneseYokai Drones to concuss enemies for a short period of time.Echo
89%
FESPeruvianVolcan shield used to detonate if enemies are within close range.Goyo
89%
GSUTRAmericanBreach Torch used to create holes in reinforcements.Maverick
89%
GIGNFrenchBarricaded Shield to guard front body, team and defuser.Montagne
89%
Jager CorpsUnknownHEL Presence Reduction used to cloak themselves from cameras.Nokk
89%
NAVY SEALAmericanBlack Eye cameras that have a 360 degree viewpoint.Valkyrie
89%
APCAPeruvianGrapple Gun used to infiltrate the building at a quick speed.Amaru
86%
NighthavenThaiLaser doors used to prevent enemies from entering bomb/objective/hostage without causing damage unless a grenade, drone is used to disable the door.Aruni
86%
707th SMBSouth KoreanA phone used to call enemies exposing their position due to the loud vibration of the phone, can also hack defenders cameras.Dokkaebi
86%
NighthavenNorwegianSELMA Aqua Breacher used to break through reinforcements.Ace
82%
REUDutchHolographic Clone to fool enemies and to have sights on defensive positions.Iana
82%
GIGR (unoficially)JordanianRemah Dash used to roam at speed and run through soft walls.Oryx
82%
NighthavenKenyanMag-Net to capture enemy throwables (e.g: smoke grenades, flash grenades).Wamai
82%
SASRAustralianTraxes used to damage enemies and slow them down.Gridlock
79%
ITFSouth AfricanBanshee Sonic Defense Trap used to annoy enemies by slowing them down and vibrating to alert defenders the attacking position.Melusi
79%
ROSAmericanArgus Launcher used to pierce cameras through reinforcements hatches and soft walls.Zero
79%
Secret ServiceAmericanGlance Sight to use to detect enemies when blinded or areas where sight is very limited.Warden
75%

Score Distribution

Percentile by Number Answered

Percent of People with Each Score

Your Score History

You have not taken this quiz